देश जिनका ऋणी है / (Record no. 117659)

MARC details
000 -LEADER
fixed length control field 01035nam a22002537a 4500
005 - DATE AND TIME OF LATEST TRANSACTION
control field 20170124103059.0
010 ## - LIBRARY OF CONGRESS CONTROL NUMBER
LC control number B-158107
020 ## - INTERNATIONAL STANDARD BOOK NUMBER
Terms of availability 200.00
International Standard Book Number 8187775114
035 ## - SYSTEM CONTROL NUMBER
System control number B-158107
037 ## - SOURCE OF ACQUISITION
Source of stock number/acquisition Cen Lib/Ret
040 ## - CATALOGING SOURCE
Original cataloging agency DPL
Language of cataloging HN
082 ## - DEWEY DECIMAL CLASSIFICATION NUMBER
Classification number 920
Item number विद्या
100 ## - MAIN ENTRY--PERSONAL NAME
Personal name विद्याप्रकाश
9 (RLIN) 76116
245 ## - TITLE STATEMENT
Title देश जिनका ऋणी है /
Statement of responsibility, etc विद्याप्रकाश
246 ## - VARYING FORM OF TITLE
Title proper/short title Desh jinka rini hai /
Remainder of title by vidyaprakash
260 ## - PUBLICATION, DISTRIBUTION, ETC. (IMPRINT)
Place of publication, distribution, etc दिल्ली
Name of publisher, distributor, etc आकाशदीप पब्लिकेशन्स
Date of publication, distribution, etc 2005
270 ## - ADDRESS
City दिल्ली
Address 1/1073-डी, महरौली
Postal code 110030
300 ## - PHYSICAL DESCRIPTION
Extent 191पृ. :
Dimensions 20सेमी(सजिल्द)
Other physical details सचित्र
650 ## - SUBJECT ADDED ENTRY--TOPICAL TERM
Topical term or geographic name as entry element हिन्दी साहित्य
9 (RLIN) 76117
650 ## - SUBJECT ADDED ENTRY--TOPICAL TERM
Topical term or geographic name as entry element हिन्दी -- जीवनियाँ
9 (RLIN) 76118
650 ## - SUBJECT ADDED ENTRY--TOPICAL TERM
Topical term or geographic name as entry element Hindi literature
9 (RLIN) 76119
650 ## - SUBJECT ADDED ENTRY--TOPICAL TERM
Topical term or geographic name as entry element Hindi - Biographies
9 (RLIN) 76120
942 ## - ADDED ENTRY ELEMENTS (KOHA)
Source of classification or shelving scheme Dewey Decimal Classification
Koha item type Hindi Books
Classification part 920
Call number suffix विद्या
Holdings
Withdrawn status Lost status Damaged status Not for loan Home library Current library Date acquired Source of acquisition Cost, normal purchase price Total Checkouts Full call number Barcode Date last seen Date checked out Copy number Cost, replacement price Price effective from Koha item type Source of classification or shelving scheme
        Central Library Central Library 07/09/2015 Cen Lib/Ret 200.00 1 920 विद्या B-158107 26/09/2023 14/09/2023 1 200.00 07/09/2015 Hindi Books  
        Central Library Central Library 25/10/2016 Cen Lib/Ret 200.00   920 विद्या B-091635 25/10/2016   2 200.00 25/10/2016 Hindi Books Dewey Decimal Classification
        Central Library Central Library 25/10/2016 Cen Lib/Ret 200.00   920 विद्या B-050983 25/10/2016   3 200.00 25/10/2016 Hindi Books Dewey Decimal Classification

© Delhi Public Library
Hit Counter
free hit counter